000 00828nab a2200253 4500
003 BR-BrBNA
005 20250615224203.0
008 250615b bl.||||| |||| 00| 0 por d
040 _aBR-BrBNA
_bpor
072 _aE71 ; F01 ; L01
100 _aBacoccina, Denize
245 _aSem terra, com fome e precisando do Brasil
_bAgroeconomia
500 _a4 illus.
650 _aBRASIL
650 _aPRODUÇÃO AGROPECUÁRIA
650 _aCOMÉRCIO EXTERIOR
650 _aEXPORTAÇÃO
650 _aCHINA
650 _aCONSUMO ALIMENTAR
650 _aBARREIRA COMERCIAL
773 0 _01706
_9347883
_dSão Paulo-SP Editora Três Ltda - E-mail: luizfsa@revistadinheiro.com.br 2004
_o2025-0382
_tDinheiro Rural (Brazil)
_x1807-3700
_gv. 6(56) p. 24-26; (Jun 2009)
_wBR2025001332
942 _cANA
999 _c332076
_d332076